书目信息 |
| 题名: |
人大代表工作指南
|
|
| 作者: | ;河南省人大常委会选举任免代表联络工作委员会代表联络处 | |
| 分册: | ||
| 出版信息: | 2007.06 |
|
| 页数: | ||
| 开本: | ||
| 丛书名: | ||
| 单 册: | ||
| 中图分类: | D624 | |
| 科图分类: | ||
| 主题词: | 政治--中国 | |
| 电子资源: | ||
| ISBN: | ||
| 000 | 00739nam0 2200157 450 | |
| 001 | 1457307720 | |
| 005 | 20141231155806.30 | |
| 100 | @a20141231d2007 km y0chiy0120 ea | |
| 101 | 0 | @achi |
| 200 | 1 | @a人大代表工作指南@Aren da dai biao gong zuo zhi nan@f河南省人大常委会选举任免代表联络工作委员会代表联络处@Fhe nan sheng ren da chang wei hui xuan ju ren mian dai biao lian luo gong zuo wei yuan hui dai biao lian luo chu |
| 210 | @d2007.06 | |
| 606 | 0 | @a政治@x中国 |
| 690 | @aD624@v4 | |
| 711 | 02 | @a河南省人大常委会选举任免代表联络工作委员会代表联络处@Ahe nan sheng ren da chang wei hui xuan ju ren mian dai biao lian luo gong zuo wei yuan hui dai biao lian luo chu |
| 801 | 0 | @aCN@b大连网信软件有限公司图书馆·11@c20141231 |
| 905 | @aZUCC@dD624@eH283 | |
| 人大代表工作指南/河南省人大常委会选举任免代表联络工作委员会代表联络处.-2007.06 |
| ISBN : |
| ● |
| 相关链接 |
|
|
|
正题名:人大代表工作指南
索取号:D624/H283
 
预约/预借
| 序号 | 登录号 | 条形码 | 馆藏地/架位号 | 状态 | 备注 |
| 1 | 495436 | 204954362 | 社科库509/422社科库 26排3列6层/ [索取号:D624/H283] | 在馆 |